ITGC - Flora in the land of Israël - Statistics

General Stats
  • This quiz has been taken 3 times
  • The average score is 4 of 8
Answer Stats
Question Answer % Correct
Which of the following trees is evergreen and has needle-like leaves ? Aleppo - Jerusalem - pine (oren Yerushalaim)
100%
Which of the following are included in the "seven species" (shiv'at haminim) in Judaism ? Pomegranate (rimon), fig (te'ena), barley (se'ora)
67%
In afforestation in Israël, pine trees are often used because they are : Suitable for the local climate and fast growing
67%
Which of the plants below is an invasive species ? Blue leaf wattle (shita mak'hila)
33%
Cyclamen (rakefet), Narcissus (narkiss), Squill (hatsav) and Iris are all : Geophytes
33%
Which of the following plants are characteristic of Mediterranean woodland in Israël ? Palestine - Kermes - oak (alon matsui) AND Terebinth (ela eretz yisraelit)
33%
Which of the following plants is one of the species of Herald autumn (mevasrei stav) ? The crocus (carcom)
33%
Which of the following plants is pollinated wind ? Wheat
0%
No matching quizzes found
Score Distribution
Percent of People with Each Score
Percentile by Number Answered
Your Score History
You have not taken this quiz